000 00407nam a2200133#a 4500
001 01374
003 HDC
007 ta
008 230623s2023 xx 000 0 eng d
040 _aHDC
110 _aHalal Industry Development Corporation.
245 0 _aClips for halal champions media briefing
_h[electronic resources] :
_bAsia Public Realations Consultants Sdn Bhd, Friday, October 26, 2007.
942 _2lcc
999 _c22940
_d22940